[Event "Prague Festival Masters 2021"]
[Site "Prague"]
[Date "2021.06.19"]
[Round "6.1"]
[White "Wojtaszek, Radoslaw"]
[Black "Abasov, Nijat"]
[Result "1-0"]
[WhiteElo "2687"]
[BlackElo "2665"]
[Annotator "TA"]
[PlyCount "107"]
[EventDate "2021.06.13"]
[EventType "tourn"]
[EventCountry "CZE"]
[SourceTitle "playchess.com"]
[Source "ChessBase"]
[SourceQuality "1"]

{[%evp 12,107,27,22,8,22,8,13,20,19,23,21,25,28,16,18,18,32,14,19,35,36,50,43,46,34,84,81,76,84,77,82,66,78,101,81,80,64,101,25,126,138,163,86,87,85,135,131,322,123,127,101,112,104,129,154,220,220,220,220,220,220,216,215,204,204,182,180,494,479,479,479,471,460,493,477,548,547,521,521,503,499,485,485,690,690,1009,960,29974,29975,29975,29976,29976,29976,29977,29977,29977,29975]} 1. d4 Nf6 2. c4 e6 3. Nf3 d5 4. Nc3 Bb4 5. cxd5 exd5 6. Bg5 h6 7. Bh4 O-O {D38: Queen's Gambit Declined: Ragozin Defence (4 Nf3 Bb4).} 8. e3 Bf5 9. Qb3 Bxc3+ {The position is equal.} 10. bxc3 {10.Qxc3 is more advanced technology.} Nbd7 11. Be2 c5 12. dxc5 Nxc5 13. Qb4 Rc8 14. O-O g5 15. Bg3 {[#]} Qe7 $146 ({Predecessor:} 15... Re8 16. Rad1 a5 17. Qa3 Qb6 18. c4 dxc4 19. Rd6 Rc6 20. Rxc6 bxc6 21. Bxc4 Nce4 {0-1 (47) Giri,A (2763)-Maghsoodloo,P (2676) Chess.com INT 2020}) 16. Be5 Rfd8 17. Rad1 Nfe4 {...g4 is the strong threat.} 18. Bd4 Rd6 19. c4 Rb6 20. Qe1 dxc4 21. Bxc4 Be6 22. Be2 Rd6 23. Ne5 Bxa2 24. f3 Nf6 25. Qa5 (25. f4 $16 {Threatens to win with Qa5.} Nfe4 26. fxg5 hxg5 27. Bh5) 25... Qe6 26. Qxa7 $16 (26. Bxc5 $6 Rxd1 27. Rxd1 b6 $11) 26... b6 {[#]} 27. Ba1 (27. f4 $1 $18 {[%cal Rf4g5]} Bb3 28. Rc1) 27... Rxd1 28. Rxd1 Qb3 29. Kf1 {Hoping for Nc6!} Re8 $2 (29... Qe6 $16 {was worth a try.}) 30. Bd4 $2 (30. Nc6 $18 Nfd7 31. e4) 30... Qe6 31. Ra1 Bd5 32. e4 Nb3 33. exd5 Qxd5 (33... Nxd5 $16 34. Bb5 Rf8) 34. Bc3 $18 Nxa1 35. Bc4 (35. Qxb6 $6 Rc8 $16) 35... Qd1+ 36. Be1 Nd7 37. Bxf7+ $40 {[%mdl 128] Black is in trouble.} Kf8 38. Bxe8 (38. Nxd7+ Kxf7 39. Ne5+ Ke6 $16) 38... Kxe8 39. Nxd7 {Strongly threatening Nf6+.} Qd3+ $2 (39... Nc2 {is a better chance.} 40. Nf6+ Kf8 41. Qa8+ Ke7 42. Ng8+ {[%mdl 64] Double Attack} Kf7 43. Nxh6+ Kg6 44. Qc6+ Kh7 45. Qc7+ (45. Qe4+ Kxh6 46. h4 Nxe1 $16) 45... Kxh6 46. Qxb6+ Kg7 47. Qc7+ Kg6) 40. Kf2 {Black must now prevent Nf6+.} Qd4+ 41. Ke2 (41. Kf1 Qd3+ 42. Kf2 Qd4+ 43. Ke2 Qc4+ 44. Kf2 Qd4+ $18) 41... Qc4+ {[#]} 42. Ke3 $1 {And now Nf6+ would win.} ({But not} 42. Kf2 Qd4+ 43. Ke2 Qc4+ 44. Ke3 Nc2+ 45. Kd2 Nxe1 $18) 42... Nc2+ 43. Kd2 Nxe1 44. Nf6+ {[%mdl 64] Zwischenzug} (44. Kxe1 Qe6+ 45. Kf2 Qxd7 $11) 44... Kf8 45. Qb8+ ({Not} 45. Kxe1 Qc3+ 46. Kf2 Qd4+ 47. Ke2 Qxf6 $11) 45... Ke7 46. Qe5+ ({Stronger than} 46. Kxe1 Qc1+ 47. Ke2 Qc2+ 48. Kf1 Qd1+ 49. Kf2 Qd4+ 50. Kf1 Qd1+ 51. Kf2 Qd4+ 52. Kf1 Qd1+ $11) 46... Kf7 47. Kxe1 Qc1+ (47... Qh4+ $142 48. g3 Qb4+ 49. Kf2 Qd2+ 50. Kg1 Qd1+ 51. Kg2 Qc2+ 52. Kh3 Qc8+ 53. Ng4 Qe6) 48. Kf2 Qd2+ 49. Kg3 Qf4+ 50. Qxf4 {White mates.} gxf4+ 51. Kxf4 Kxf6 52. Ke4 Ke6 53. g4 b5 54. f4 {Weighted Error Value: White=0.09/Black=0.40} 1-0

[Event "Prague Festival Masters 2021"]
[Site "Prague"]
[Date "2021.06.19"]
[Round "6.2"]
[White "Nguyen, Thai Dai Van"]
[Black "Shankland, Sam"]
[Result "1/2-1/2"]
[WhiteElo "2577"]
[BlackElo "2691"]
[Annotator "TA"]
[PlyCount "87"]
[EventDate "2021.06.13"]
[EventType "tourn"]
[EventCountry "CZE"]
[SourceTitle "playchess.com"]
[Source "ChessBase"]
[SourceQuality "1"]

{[%evp 15,87,8,29,10,40,33,40,40,32,36,36,37,39,35,34,36,39,19,51,50,53,52,53,47,46,42,48,15,13,12,39,39,46,50,48,37,39,33,41,40,45,45,45,45,45,45,45,0,45,38,45,0,0,0,0,0,48,48,48,38,38,38,38,38,38,38,38,38,38,38,38,37,37,37]} 1. d4 {RR} Nf6 2. c4 e6 3. Nf3 d5 4. Nc3 Bb4 5. Bg5 dxc4 6. e4 h6 7. Bxf6 Qxf6 8. Bxc4 c5 9. O-O {Nb5 is the strong threat. D39: Queen's Gambit Declined: Ragozin Defence with 5 Bg5 dxc4.} cxd4 10. Nb5 {[#] aiming for Nc7+.} Qe7 11. Qxd4 O-O 12. Nxa7 Bc5 13. Nxc8 Rxc8 14. Qd3 Nc6 15. Qe2 Rd8 16. Rad1 Nd4 17. Nxd4 Rxd4 18. Rxd4 Bxd4 19. g3 {[#]} Rd8 $146 ({Predecessor:} 19... Qb4 20. Kg2 Rd8 21. Rd1 Bb6 22. a3 Qc5 23. b4 Qc7 24. Rxd8+ Qxd8 25. a4 Qd6 26. a5 Bc7 27. Qb2 Bd8 28. Be2 Bf6 29. Qb3 Qd2 30. Qc4 Bc3 31. Qd3 {½-½ (31) Moranda,W (2572)-Gajewski,G (2568) Katowice 2010 EXT 2016 [RR]}) 20. Kg2 Bb6 21. Bb3 (21. a3 {looks sharper.} Rd4 22. Rc1 Qd6 23. Rc2 g6 24. Qf3) 21... Qb4 22. Rd1 Rxd1 23. Bxd1 Bd4 24. b3 Bc5 25. h4 g6 26. a4 h5 27. Qf3 b5 28. Qe2 bxa4 29. bxa4 Bb6 30. Qf3 Qd4 31. Bc2 Kg7 (31... Qd2 $5 {[%cal Rd2c2]} 32. Bb1 Bd4 $11) 32. Qf4 Qc3 33. Bd1 (33. Qc1 {is more complex.} Qb4 34. Qa1+ Kg8 35. Qd1 Qc5 36. Qe2) 33... Qd4 34. Bb3 (34. Qf3 {feels hotter.} Kg8) 34... Qc3 35. Qf3 Qxf3+ (35... Qe1 {seems wilder.} 36. Bc2 Qd2 37. Bd1 Bxf2 38. Qxf2 Qxd1 39. a5 Qa1) 36. Kxf3 $11 {[%mdl 4096] Endgame KB-KB. White is slightly better.} Kf6 37. Bc4 Ke5 38. Bb5 f5 39. exf5 exf5 40. Be8 Kf6 41. Ke2 Ba5 42. f3 Bb4 43. f4 Ba5 44. Kf3 {Weighted Error Value: White=0.05/Black=0.07} 1/2-1/2

[Event "Prague Festival Masters 2021"]
[Site "Prague"]
[Date "2021.06.19"]
[Round "6.3"]
[White "Van Foreest, Jorden"]
[Black "Navara, David"]
[Result "1/2-1/2"]
[WhiteElo "2701"]
[BlackElo "2697"]
[Annotator "TA"]
[PlyCount "159"]
[EventDate "2021.06.13"]
[EventType "tourn"]
[EventCountry "CZE"]
[SourceTitle "playchess.com"]
[Source "ChessBase"]
[SourceQuality "1"]

{[%evp 9,158,1,8,4,0,8,7,4,8,24,0,-16,-22,-22,-33,-29,-19,-20,-25,-25,-36,-10,20,26,22,24,23,2,0,8,0,-1,20,38,29,23,20,17,45,25,30,10,16,10,9,12,9,12,8,8,8,8,8,8,12,13,36,31,31,34,31,35,74,64,82,75,58,41,92,83,85,83,91,83,89,87,82,89,83,65,73,38,38,8,8,8,8,8,8,8,8,8,8,8,8,8,8,8,8,8,8,8,8,0,8,8,8,8,8,8,8,8,8,8,8,8,8,8,8,8,8,8,8,8,8,8,8,8,8,0,0,0,8,8,8,8,8,8,8,8,8,8,8,8,8,8,8,8,8,8,8]} 1. c4 e5 2. g3 c6 3. Nf3 e4 4. Nd4 d5 5. cxd5 Qxd5 6. Nc2 {A20: English Opening: 1...e5.} Nf6 7. Nc3 Qe5 $1 {7...Qe5 scores better than 7...Qh5.} 8. Bg2 Na6 9. O-O Be7 {[#]} 10. Nxe4 $146 ({Predecessor:} 10. Re1 Be6 11. d4 exd3 12. exd3 Qd6 13. Be3 O-O 14. Nd4 Bg4 15. Bf3 Qd7 16. Ne4 {½-½ (54) Vachier Lagrave,M (2778)-Ding,L (2791) chess24.com INT 2020}) 10... Nxe4 11. f4 $1 {[%cal Rf4e5]} Qe6 12. f5 $1 {[%cal Rf5e6]} Qd5 13. d4 Bf6 (13... Bxf5 $6 14. Ne3 $16) 14. g4 O-O $1 15. g5 Bxg5 16. Bxg5 {[%mdl 64] Pin} Bxf5 {[#] aiming for ...Bh3.} 17. Ne3 $1 $36 {[%mdl 2048] White has some pressure.} Qe6 {[#]} 18. d5 $1 cxd5 19. Nxf5 {Be3 is the strong threat.} Nxg5 20. Qd4 {[%csl Gf5][%cal Rd4g7]} Qf6 (20... Qb6 {feels hotter.} 21. Ne7+ Kh8 22. Qxb6 axb6 23. Nxd5 b5) 21. Qxf6 ({Much worse is} 21. Bxd5 Qxd4+ 22. Nxd4 Rad8 $17) 21... gxf6 22. Ne7+ {[%mdl 64] Discovered Attack} Kg7 23. Nxd5 Rae8 24. Rf2 {[%mdl 1024] White has compensation.} ({Don't play} 24. Rxf6 Rxe2 25. Rf5 Ne6 $11) 24... Re6 25. Nf4 Rb6 26. h4 Ne6 ({But not} 26... Rxb2 $6 27. hxg5 fxg5 28. Nd3 $16) 27. Nh5+ {[%mdl 64] Discovered Attack} Kh8 28. b3 f5 29. Rxf5 Nd4 30. Re5 Re6 31. Rxe6 fxe6 32. Ng3 Nc5 33. Rc1 b6 34. b4 Na6 35. Rc4 e5 36. a3 Nb5 37. Rc1 Nb8 38. Ne4 Nxa3 {[#]} (38... Nd7 $14) 39. Nd6 $1 $16 a6 40. Rc7 Nb5 41. Nxb5 axb5 {[%mdl 4096] Endgame KRB-KRN} 42. Bb7 Rd8 43. Re7 Nd7 44. Bc6 Nf8 45. Rxe5 Rd6 $1 {[%cal Rd6c6]} 46. Be8 (46. Bf3 {is more complex.} Ng6 47. Rh5 Kg7 48. Kf2 Re6 49. Kg3) 46... Re6 $1 {[%cal Re6e5] The position is equal.} 47. Rxe6 Nxe6 48. Bxb5 $11 {With the idea Kf2. KB-KN} Nd4 $1 {[%cal Rd4b5]} 49. Bd3 b5 $1 50. Kf2 {Hoping for Be4.} Nc6 $1 51. Ke3 Kg7 52. Bxb5 Nxb4 53. Kd4 Nc2+ 54. Ke4 {White wants to play Bd3.} Kf6 55. Bd3 Nb4 56. Bb5 h6 57. h5 Nc2 58. Ba4 Ne1 59. Bc6 Nc2 60. Bb7 {And now Kd3 would win.} Na3 61. Ba6 Nc2 $1 62. Bb5 Kg5 63. Ba4 Ne1 64. Ke5 Ng2 65. Bc6 Ne3 66. Be8 Ng4+ 67. Ke6 Ne3 68. Bg6 Kf4 69. Bd3 {Strongly threatening Kf6.} Kg5 70. Bg6 (70. Be4 {is interesting.} Kxh5 71. Kf6 Kg4 72. Kg6 Kf4 73. Bd3) 70... Kf4 71. Bf7 Kg5 72. Be8 Nf5 73. Ke5 Ng3 74. e3 Nf5 75. e4 Ng3 76. Bg6 Nxe4 $1 77. Kxe4 {Intending Ke5 and mate.} Kf6 78. Kd5 Kg7 79. Ke6 Kh8 80. Kf7 {Weighted Error Value: White=0.03/Black=0.03} 1/2-1/2

[Event "Prague Festival Masters 2021"]
[Site "Prague"]
[Date "2021.06.19"]
[Round "6.4"]
[White "Grandelius, Nils"]
[Black "Duda, Jan-Krzysztof"]
[Result "0-1"]
[WhiteElo "2670"]
[BlackElo "2729"]
[Annotator "TA"]
[PlyCount "72"]
[EventDate "2021.06.13"]
[EventType "tourn"]
[EventCountry "CZE"]
[SourceTitle "playchess.com"]
[Source "ChessBase"]
[SourceQuality "1"]

{[%evp 16,72,46,45,91,75,105,56,59,70,120,118,115,133,139,129,162,166,208,213,216,203,212,231,223,209,270,100,100,0,0,-40,-46,-80,-61,-62,-66,-109,-97,-100,-103,-197,-190,-230,-219,-295,-293,-303,-304,-256,-258,-335,-341,-725,-725,-971,-960,-1545,-1520]} 1. e4 e6 2. d4 d5 3. e5 c5 4. c3 Nc6 5. Nf3 Qb6 6. Be2 Nh6 7. Bxh6 gxh6 8. Qd2 Bd7 9. O-O O-O-O {C02: French: Advance Variation.} 10. Na3 Rg8 11. dxc5 Bxc5 {White is slightly better.} 12. b4 Bf8 {[#]} 13. Nb5 $146 ({Predecessor:} 13. Qf4 Rg7 14. Rab1 Kb8 15. c4 Nxb4 16. Nc2 Qa5 17. Nxb4 Bxb4 18. cxd5 Bc5 19. g3 {1-0 (29) Durarbayli,V (2606)-Ruperez Benito,A (2363) Tornelo INT 2020}) 13... Nxb4 {[#]} 14. Nxa7+ {[%mdl 512]} Qxa7 (14... Kb8 15. cxb4) 15. cxb4 Rg4 16. a3 Ba4 17. h3 Rg7 18. Rfc1+ Kb8 19. Qc3 {Intending Qc7+ and mate.} Qb6 20. Nd4 Be7 21. Qe3 (21. b5 $1 $18 {is the precise move to win.}) 21... Rdg8 {[#]} 22. Bf1 (22. Nc6+ $1 $16 Qxc6 23. Rxc6 Rxg2+ 24. Kh1 Bxc6 25. Qd4) 22... Bg5 $1 $11 {[%cal Rg5e3]} 23. f4 {Hoping for Nc6+!} Bd8 $1 24. Kh1 Rg3 25. Qd2 Qa7 $1 26. Rc3 {[#]} Rxc3 $1 27. Qxc3 Bb6 28. Nf3 {[#]} (28. Nb3 $17) 28... Rc8 $1 $36 {[%cal Rc8c3][%mdl 2048] Black is in control.} 29. Qe1 Bf2 30. Qb1 Bc2 31. Qb2 Be3 32. a4 Be4 {Threatens to win with ...Bxf3.} ({Much less strong is} 32... Bxf4 33. Nd4 $17) ({Stronger than} 32... Bxa4 33. b5 $16) 33. Qe2 Bxf4 34. a5 $2 (34. Qe1) 34... Rc2 {Black is clearly winning.} 35. Qd1 Qf2 {aiming for ...Qg3.} 36. a6 Be3 {What a bad dream for White.  Weighted Error Value: White=0.65/Black=0.07} 0-1

[Event "Prague Festival Masters 2021"]
[Site "Prague"]
[Date "2021.06.20"]
[Round "7.1"]
[White "Navara, David"]
[Black "Grandelius, Nils"]
[Result "1/2-1/2"]
[WhiteElo "2697"]
[BlackElo "2670"]
[Annotator "TA"]
[PlyCount "63"]
[EventDate "2021.06.13"]
[EventType "tourn"]
[EventCountry "CZE"]
[SourceTitle "playchess.com"]
[Source "ChessBase"]
[SourceQuality "1"]

{[%evp 10,63,18,24,31,25,25,14,21,19,19,19,13,7,18,21,6,17,25,2,5,16,29,18,56,53,64,22,27,25,28,0,0,0,0,0,0,0,0,0,0,0,0,0,0,0,0,0,0,0,0,0,0,0,0,0]} 1. e4 c5 2. Nf3 d6 3. Bb5+ Bd7 4. Bxd7+ Qxd7 5. c4 Nf6 6. Nc3 g6 {B52: Sicilian: Moscow Variation with 3...Bd7.} 7. d4 cxd4 8. Qxd4 Nc6 9. Qd3 Bg7 10. O-O O-O 11. Bd2 {[#]} Rad8 $146 ({Predecessor:} 11... Rfc8 12. Rac1 Qd8 13. b3 Nd7 14. Rfd1 Nc5 15. Qb1 a5 16. Be3 b6 17. a3 Qc7 {1-0 (119) Kasparov,S (2478)-Alonso Moyano,J (2409) Llucmajor 2013}) 12. Rad1 Ng4 13. b3 f5 14. h3 Nge5 15. Nxe5 Nxe5 16. Qg3 fxe4 17. Nxe4 Qf5 18. Qh4 d5 19. cxd5 Rxd5 20. Bb4 Rxd1 {The position is equal.} 21. Rxd1 h6 $1 {[#] aiming for ...g5.} 22. Bc3 g5 23. Qg3 Qxe4 24. Re1 Nf3+ 25. gxf3 Qxf3 26. Bxg7 Qxg3+ 27. fxg3 Kxg7 28. Rxe7+ $11 {KR-KR} Rf7 29. Re6 Rf6 30. Re7+ Rf7 31. Re6 Rf6 32. Re7+ {Weighted Error Value: White=0.05/Black=0.03} 1/2-1/2

[Event "Prague Festival Masters 2021"]
[Site "Prague"]
[Date "2021.06.20"]
[Round "7.2"]
[White "Shankland, Sam"]
[Black "Van Foreest, Jorden"]
[Result "1-0"]
[WhiteElo "2691"]
[BlackElo "2701"]
[Annotator "TA"]
[PlyCount "123"]
[EventDate "2021.06.13"]
[EventType "tourn"]
[EventCountry "CZE"]
[SourceTitle "playchess.com"]
[Source "ChessBase"]
[SourceQuality "1"]

{[%evp 18,123,14,8,9,0,0,-1,20,17,26,20,26,25,25,25,25,25,25,32,32,33,27,16,27,36,32,27,33,37,70,70,61,70,53,66,69,1,0,0,0,0,48,33,39,20,35,0,0,0,0,0,0,0,0,0,0,0,0,0,0,0,0,0,0,0,0,0,0,0,460,444,693,668,668,662,579,542,769,729,858,858,851,701,858,843,805,805,729,639,766,674,5816,5700,3853,3855,12850,12839,12841,12672,12835,11822,29942,29958,29956,29962,29981,29982]} 1. c4 Nf6 2. g3 e6 3. Bg2 d5 4. Nf3 Be7 5. d4 O-O 6. O-O dxc4 7. Qc2 a6 8. a4 Bd7 9. Qxc4 Bc6 10. Bf4 Bd6 {E05: Open Catalan: 5 Nf3 Be7.} 11. Qc1 Nbd7 12. Nc3 Ne4 {The position is equal.} 13. Rd1 {[#]} Nxc3 $146 ({Predecessor:} 13... Qe7 14. Qc2 Nxc3 15. bxc3 Bxf4 16. gxf4 Nf6 17. Qb3 Be4 18. Ne5 c5 19. dxc5 Qxc5 {½-½ (33) Esipenko,A (2624)-Sjugirov,S (2662) Douglas 2019}) 14. bxc3 a5 15. c4 {[%cal Bc3c4,Bc4c5][%mdl 32] [#] Threatens to win with d5.} Bxf4 16. Qxf4 Nb6 17. Rdc1 Bxa4 18. Qd2 Bc6 19. c5 Nd7 20. Rxa5 Rxa5 21. Qxa5 b6 22. cxb6 cxb6 23. Qa7 Be4 24. e3 Nf6 25. Ne5 Bxg2 26. Kxg2 h5 27. h3 ({White should try} 27. Qb7 $14) 27... Qd5+ $11 28. Kg1 Ne4 29. h4 Qa5 30. Ra1 Qc3 31. Ra2 Qb3 32. Kg2 Qd5 {White must now prevent ...Nc3+.} 33. Kg1 Kh7 34. Nxf7 Qf5 35. Ng5+ Nxg5 36. hxg5 {[%mdl 4096] Endgame KQR-KQR} h4 37. gxh4 ({Much weaker is} 37. Qxb6 hxg3 38. f3 (38. fxg3 {leads to mate.} Kg6 39. Kh2 Rh8+ 40. Kg1 Qe4 41. Rh2 Qxe3+ {[%mdl 64] Double Attack} 42. Kh1 Qe1+ 43. Kg2 Qe2+ 44. Kg1 Qxh2+ {[%mdl 64] Double Attack} 45. Kf1 Rf8+ 46. Ke1 Qxg3+ {[%mdl 64] Double Attack} 47. Kd1 Rf1+ 48. Ke2 Rf2+ 49. Ke1 Qg1#) 38... Qxf3 $17) 37... Qg4+ 38. Kf1 Rc8 {[%cal Rc8c1]} 39. Qa3 Qd1+ 40. Kg2 {Hoping for Qd6.} Rc1 {And now ...Qg4+ would win.} 41. Kg3 {Qa8 is the strong threat.} Qg1+ 42. Kf4 Qh2+ {[%mdl 64] [#] Double Attack} 43. Ke4 Qg2+ $2 {[%mdl 8192] White stays focused until the end.} (43... Qh1+ $11 {and Black stays safe.} 44. f3 Qxh4+ 45. Kd3 Rd1+ 46. Rd2 Rxd2+ 47. Kxd2 Qf2+ 48. Kc1 Qg1+ 49. Kd2 Qg2+ 50. Ke1 Qg1+ 51. Ke2 Qg2+ 52. Ke1 Qg1+ 53. Ke2 Qg2+ 54. Ke1) 44. f3 $18 Qh3 (44... Rc2 $142) 45. Qf8 {White wants to mate with g6+!} Rc8 46. Qf7 Qxh4+ 47. Qf4 Qxf4+ 48. Kxf4 {KR-KR} b5 49. Rb2 Rb8 50. Ke5 Rb6 51. Rb4 Kg6 52. f4 Kf7 53. e4 Ke7 54. d5 g6 55. dxe6 Rxe6+ 56. Kd5 Rd6+ 57. Kc5 Rd1 58. Rxb5 Rf1 59. Rb7+ Ke8 60. f5 {White mates.} gxf5 61. g6 fxe4 62. Rb8+ {Weighted Error Value: White=0.08/Black=0.50} 1-0

[Event "Prague Festival Masters 2021"]
[Site "Prague"]
[Date "2021.06.20"]
[Round "7.3"]
[White "Abasov, Nijat"]
[Black "Nguyen, Thai Dai Van"]
[Result "1/2-1/2"]
[WhiteElo "2665"]
[BlackElo "2577"]
[Annotator "TA"]
[PlyCount "109"]
[EventDate "2021.06.13"]
[EventType "tourn"]
[EventCountry "CZE"]
[SourceTitle "playchess.com"]
[Source "ChessBase"]
[SourceQuality "1"]

{[%evp 14,109,1,0,-2,-32,-24,-20,0,-8,0,-27,11,-33,34,35,34,20,35,24,50,55,54,36,36,25,26,29,33,29,35,9,9,11,13,17,48,45,46,46,39,37,28,18,19,19,19,0,3,0,0,0,0,0,0,0,0,0,0,0,7,7,7,7,7,7,22,22,22,22,22,0,0,0,0,0,0,6,31,0,0,0,0,0,0,0,0,0,0,0,0,0,0,0,0,0,0,0]} 1. e4 {Adhiban,B} e5 2. Nf3 Nc6 3. Bc4 Bc5 4. b4 Bxb4 5. c3 Ba5 6. d4 d6 7. Qb3 Qd7 8. O-O Bb6 {C52: Evans Gambit Accepted: 5 c3 Ba5.} 9. Nbd2 $1 {[%mdl 4] now scores much better than the old 9.Bb5.} Na5 10. Qc2 Ne7 11. dxe5 O-O 12. Ba3 {[#]} Bc5 $146 ({Predecessor:} 12... Ng6 13. exd6 cxd6 14. Nd4 Bc5 15. Bb4 Nxc4 16. Nxc4 Bxb4 17. cxb4 d5 18. exd5 Qxd5 {0-1 (72) Adhiban,B (2665)-Le,Q (2718) Tashkent 2016 CBM 173 [Adhiban,B]}) 13. Bb4 Bxb4 (13... Nec6 $15) 14. cxb4 $14 Nac6 15. exd6 Qxd6 16. b5 Ne5 17. Nxe5 Qxe5 18. f4 Qc5+ 19. Rf2 {[#] Bxf7+! is the strong threat.} Be6 20. Rc1 {Threatens to win with Bxe6.} Bxc4 21. Qxc4 Qb6 22. Qc5 ({But not} 22. Qxc7 $2 {[#]} Rfc8 $1 $19) (22. g3 {seems wilder.} Rac8 23. Qb3 c6 24. Nc4 Qc5 25. Rd1) 22... Qxc5 23. Rxc5 c6 24. bxc6 Rac8 25. c7 Nc6 26. Nc4 Rxc7 27. Na5 f6 28. Nxc6 Rxc6 29. Rxc6 bxc6 $11 {[%mdl 4096] Endgame KR-KR} 30. Rc2 Rb8 31. Rxc6 Rb1+ 32. Kf2 {And now Rc8+ would win.} Rb2+ 33. Kf3 {Strongly threatening Rc8+.} Rxa2 34. Rc8+ Kf7 35. Rc7+ Kf8 36. h4 Ra5 37. Ke3 Ra4 38. h5 h6 39. Kf3 Kg8 40. e5 fxe5 41. fxe5 Kf8 42. g4 Kg8 43. e6 {Hoping for Rc8+.} Kf8 44. Rf7+ Kg8 $1 45. Rf5 {e7 would kill now.} Rb4 46. e7 Rb8 {The position is equal.} 47. Ra5 Kf7 48. Rxa7 Re8 49. Kf4 (49. g5 {with more complications.} hxg5 50. Kg4 Rxe7 51. Ra5 Re1 52. Ra7+) 49... Rxe7 50. Rxe7+ Kxe7 51. g5 hxg5+ 52. Kxg5 {KP-KP} Kf7 53. h6 Kg8 54. Kg6 gxh6 55. Kxh6 {Weighted Error Value: White=0.06/Black=0.07} 1/2-1/2

[Event "Prague Festival Masters 2021"]
[Site "Prague"]
[Date "2021.06.20"]
[Round "7.4"]
[White "Duda, Jan-Krzysztof"]
[Black "Wojtaszek, Radoslaw"]
[Result "1-0"]
[WhiteElo "2729"]
[BlackElo "2687"]
[Annotator "TA"]
[PlyCount "73"]
[EventDate "2021.06.13"]
[EventType "tourn"]
[EventCountry "CZE"]
[SourceTitle "playchess.com"]
[Source "ChessBase"]
[SourceQuality "1"]

{[%evp 23,73,25,18,5,8,10,8,10,19,12,27,17,18,11,28,12,10,10,11,16,27,0,3,0,0,-13,40,29,16,18,29,0,0,0,8,0,43,-16,-23,-20,0,0,0,0,0,0,392,368,29995,29996,29996,29997]} 1. e4 e5 2. Nf3 Nc6 3. Bb5 a6 4. Ba4 Nf6 5. O-O Be7 6. d3 b5 7. Bb3 d6 8. c3 O-O 9. a4 Bd7 10. Bc2 Re8 11. Re1 h6 {11...Bf8 is not played anymore.} 12. Nbd2 Bf8 13. Nf1 {C90: Closed Ruy Lopez with 7...d6: Early deviations.} d5 {has lost popularity (13...b4).} 14. exd5 Nxd5 15. Bd2 {The position is equal.} b4 {[#]} 16. a5 $146 ({Predecessor:} 16. Ng3 Nf6 17. a5 Rb8 18. Bb3 Bg4 19. Bc4 Qc8 20. h3 Be6 21. Nxe5 Nxe5 22. Rxe5 Bxc4 23. Rxe8 Qxe8 24. dxc4 {½-½ (41) Cusicanqui,M (2385)-Vila Hernandez,C (2252) ICCF email 2015}) 16... bxc3 17. bxc3 Nf6 18. Ng3 Rb8 19. Ba4 Bd6 20. Qc2 Na7 21. Bb3 Be6 22. Bxe6 Rxe6 23. d4 {[%cal Rd4e5]} Nc6 24. Rad1 exd4 ({Black should try} 24... Qd7 $11) 25. Rxe6 $14 fxe6 26. cxd4 Qe8 27. Re1 Rb5 28. Ne4 Nxe4 29. Qxe4 Qd7 30. Bxh6 gxh6 $11 31. Qg6+ {[%mdl 64] [#] Double Attack} Kh8 {White must now prevent ...Bf8.} 32. Qxh6+ Qh7 33. Qf6+ Qg7 34. Qxe6 {Threatens to win with Qe8+.} Nxd4 $2 {[%mdl 8192] [#]} (34... Ne7 $1 $11 {and Black is okay.}) 35. Nxd4 $18 Qxd4 (35... Re5 $18 36. Rxe5 Qxe5) 36. Qh6+ Kg8 37. Re8+ {Weighted Error Value: White=0.10/Black=0.74} ({Weaker is} 37. Qg6+ Qg7 $17) 1-0